00701nam a2200157 a 4500003000400000005001700004008003900021016001900060040001400079100002000093245024700113260008300360300002600443650004000469710003400509OSt20260515062531.0A00321s1972 sp 000 spa aDL M16195-1972 bcatcCDMR1 aBenito, Ángel10aInformación, integración social y libertad: [Conferencia en el XXV curso, organizado por la Escuela Oficial de Periodismo de Madrid, en la Universidad Internacional Menéndez Pelayo de Santander, julio 1971] / cpor Ángel Benito Jaén aMadrid : bPublicaciones de la Secretaría de la Escuela de Periodismo,c1972 a20 pàginesc; 22 cm00aLlibertat d'impremtazEspanyay19712 aEscuela Oficial de Periodismo